000 00786cam a22002653a 4500
001 25530
003 PGUSA
005 20140828083541.0
008 080519s2008||||xxu|||||s|||||000 | eng d
040 _aPGUSA
_beng
042 _adc
050 4 _aPT
100 1 _aMusäus, Johann Karl August,
_d1735-1787
245 1 0 _aDie Nymphe des Brunnens
_h[electronic resource] /
_cJohann Karl August Musäus
260 _bProject Gutenberg,
_c2008
506 _aPublic domain in the USA.
516 _aElectronic text
653 _aFairy tales -- Germany
653 _aFolklore -- Germany
700 1 _aFraungruber, Hans,
_d1863-1933
700 1 _aTaschner, Ignatius,
_d1871-1913
830 0 _aProject Gutenberg
_v25530
856 4 0 _uhttp://www.gutenberg.org/ebooks/25530
942 _cEB
999 _c254785
_d254785